000 00717cam a2200265 4500
008 090401t1988 xxu||||| |||| 00| 0 eng d
020 _a0291397476
035 _a(Sirsi) u21379
041 _aeng
050 _a690.241
100 _aAshurst, John
245 _aPractical building conservation...Volume 3: mortars, plasters and renders
260 _aAldershot,Hants
_bGower Technical Press
_c1988
300 _axiii,85p. : ill. ; 25cm.
350 _a14.95
490 _aEnglish Heritage Technical Handbook
650 _aCONSERVATION
650 _aHISTORIC BUILDINGS
650 _aMORTAR
650 _aPLASTER
650 _aRENDER
700 _aAshurst, Nicola
942 _n0
948 _c04/03/1997
999 _c87965
_d87965